The William Tyndale Story (Registro nro. 48247)
[ vista simple ]
| 000 -LÍDER | |
|---|---|
| Campo fijo de descripción fija | 002210000a22001090004500 |
| 041 0# - CÓDIGO DE IDIOMA | |
| Código de idioma para texto/pista de sonido o título separado | |
| 082 04 - NÚMERO DE CLASIFICACIÓN DECIMAL DEWEY | |
| Número de clasificación | DVD 006 |
| 001 - NÚMERO DE CONTROL | |
| Campo de control | 1071 |
| 110 1# - ASIENTO PRINCIPAL--NOMBRE CORPORATIVO | |
| Nombre corporativo o de jurisdicción como elemento de entrada | Cristian history institute |
| 245 10 - TÍTULO | |
| Título del Material | The William Tyndale Story |
| 942 ## - TIPO DE MATERIAL (KOHA) | |
| Tipo de Item KOHA | Z- Libro General BINCO |
| Estado de Material | Estado de Perdido | Volumen-Parte/Tomo | Estado de Dañado | No para Préstamo | Tomo | Biblioteca de Origen | Biblioteca Permanente | Fecha de Adquisición | Total de Préstamos | Signatura Topográfica | Código de Barras | Última vez visto | Última vez Préstado | Ejemplar/Existencia | Fecha de Remplazo | Tipo de Material |
|---|---|---|---|---|---|---|---|---|---|---|---|---|---|---|---|---|
| Biblioteca Infantil Comunitaria BINCO | Biblioteca Infantil Comunitaria BINCO | 01/11/2006 | 2 | DVD 006 | B31189 | 02/08/2019 | 30/07/2019 | 1 | 26/01/2016 | Z- Libro General BINCO |
